UBT Library

The art of Richard Diebenkorn / (Record no. 45064)

000 -LEADER
fixed length control field 01077cam a2200253 a 4500
001 - CONTROL NUMBER
control field 693162
005 - DATE AND TIME OF LATEST TRANSACTION
control field 20180314104707.0
008 - FIXED-LENGTH DATA ELEMENTS--GENERAL INFORMATION
fixed length control field 961204s1997 nyua bc 000 0 eng
010 ## - LIBRARY OF CONGRESS CONTROL NUMBER
LC control number 96052338
020 ## - INTERNATIONAL STANDARD BOOK NUMBER
International Standard Book Number 0520212576 (University of California : cloth)
020 ## - INTERNATIONAL STANDARD BOOK NUMBER
International Standard Book Number 0520212584 (University of California : pbk.)
020 ## - INTERNATIONAL STANDARD BOOK NUMBER
International Standard Book Number 087427107X (Whitney Museum of American Art : alk. paper)
040 ## - CATALOGING SOURCE
Original cataloging agency DLC
Transcribing agency DLC
Modifying agency DLC
041 ## - LANGUAGE CODE
Language code of text/sound track or separate title eng
080 ## - UNIVERSAL DECIMAL CLASSIFICATION NUMBER
Universal Decimal Classification number 759.13 jan
082 00 - DEWEY DECIMAL CLASSIFICATION NUMBER
Classification number 759.13 jan
Edition number 21
100 1# - Rafti
Rafti 45
101 ## - Shkurtesa
Shkurtesa art
245 14 - TITLE STATEMENT
Title The art of Richard Diebenkorn /
Statement of responsibility, etc Jane Livingston ; with essays by John Elderfield, Ruth Fine, and Jane Livingston.
504 ## - BIBLIOGRAPHY, ETC. NOTE
Bibliography, etc Includes bibliographical references (p. 267-270).
906 ## - LOCAL DATA ELEMENT F, LDF (RLIN)
a 7
b cbc
c orignew
d 1
e ocip
f 19
g y-gencatlg
942 ## - ADDED ENTRY ELEMENTS (KOHA)
Source of classification or shelving scheme
Item type Books
Holdings
Withdrawn status Lost status Source of classification or shelving scheme Damaged status Not for loan Collection code Permanent location Current location Shelving location Date acquired Total Checkouts Full call number Barcode Date last seen Price effective from Koha item type
          Koleksioni i përgjithshem UBT - Lipjan UBT - Lipjan Koleksioni i përgjithshem 03/14/2018   759.13 jan 002-3001967 03/14/2018 03/14/2018 Books
UBT Library © 2015-2024. All rights reserved University Education for Business and Technology